000 00475ntaaa2200181 4500
003 01
005 20251027202959.0
008 0714s1973 ag 01
040 _aAR-BaBN
_bspa
_cAR-BaBN
_eaacr
_dRIC
082 _a982.0600 Es8
100 _aEstrada, José Manuel
_930734
245 _aPolítica liberal bajo la tiranía de Rosas
250 _a1 ed.
260 _aBuenos Aires :
_bEditorial Claridad,
_cc1942
300 _a254 p
650 _aArgentina-historia
942 _cBK
999 _c25184
_d25184